000 00667nam a2200205Ia 4500
005 20260121110143.0
008 008 260114s9999 xx 000 0 hin d
020 _a9788132355083
037 _aEBOOK
040 _aCRL
_bhin
_cCRL
041 _ahin
_2hin
084 _qCRL
100 _aजयंत जॉली / Jayant Jolly
_9942710
245 0 _aभारतीय चित्रंकन परम्परा / Bhartiya Chitrankan Parampara
260 _bभाषा प्रकाशन / Bhasha Prakashan
_c2021
856 _uhttps://bhashaprakashan.com/product-details/378645
942 _cEBOOK
999 _c1534375
_d1534375